[Event "III President's Cup"]
[Site "Baku AZE"]
[Date "2008.05.18"]
[Round "7"]
[White "Naiditsch,A"]
[Black "Durarbeyli,V"]
[Result "1-0"]
[WhiteElo "2624"]
[BlackElo "2384"]

1.e4 c5 2.Nf3 e6 3.d4 cxd4 4.Nxd4 Nc6 5.Nc3 d6 6.g4 e5 7.Nb3 Be6 8.h4 h6
9.Nd5 Be7 10.h5 Rc8 11.Be2 Nf6 12.Bf3 Bxd5 13.exd5 Nb4 14.c3 e4 15.Bxe4 Nxe4
16.cxb4 O-O 17.O-O Rc4 18.Nd4 Bf6 19.Nf5 Rxb4 20.a3 Rc4 21.Be3 Bxb2 22.Qe2 g6
23.Nxh6+ Kh7 24.Qxc4 Ng5 25.Rab1 Bg7 26.f4 Qe7 27.Rbe1 Nh3+ 28.Kg2 Qh4 29.Qe2 Re8
30.Qf3 Bc3 31.Re2  1-0

[Event "TCh-HUN 2007-8"]
[Site "Budapest HUN"]
[Date "2008.05.18"]
[Round "11"]
[White "Veszpremi,A"]
[Black "Gara,A"]
[Result "0-1"]
[WhiteElo "2156"]
[BlackElo "2315"]

1.e4 c5 2.Nf3 Nc6 3.d4 cxd4 4.Nxd4 e6 5.Nc3 a6 6.Be3 Bb4 7.Bd3 Nf6 8.O-O Qc7
9.Nxc6 Qxc6 10.Bd4 d6 11.e5 dxe5 12.Bxe5 Be7 13.Qe2 Bd7 14.Rad1 Rc8 15.Rfe1 b5
16.Ne4 Qb6 17.c3 Rd8 18.Bc2 Bc6 19.Rxd8+ Qxd8 20.Rd1 Qa8 21.Bxf6 gxf6 22.Qg4 Kf8
23.Qh4 h5 24.f3 f5 25.Qf4 fxe4 26.fxe4 Qa7+ 27.Kh1 Qc5 28.Rf1 Rh7 29.Bb3 Qd6
30.e5 Qd7 31.Bc2 Qd5 32.Rf2 Rg7 33.Qh6 Qxg2+ 34.Rxg2 Bxg2+  0-1

[Event "TCh-HUN 2007-8"]
[Site "Budapest HUN"]
[Date "2008.05.18"]
[Round "11"]
[White "Nadj Hedjesi,B"]
[Black "Szuk,B"]
[Result "1/2-1/2"]
[WhiteElo "2380"]
[BlackElo "2408"]

1.e4 c5 2.Nc3 e6 3.Nge2 Nc6 4.d4 cxd4 5.Nxd4 Nf6 6.Be2 Bb4 7.f3 d5 8.Nxc6 bxc6
9.e5 Nd7 10.f4 Qb6 11.a3 Be7 12.Na4 Qa5+ 13.c3 Nb6 14.Nxb6 Qxb6 15.b4 a5
16.Rb1 O-O 17.Qd3 Ba6 18.Qe3 Qxe3 19.Bxe3 axb4 20.axb4 Bb5 21.Bxb5 cxb5 22.O-O Ra3
23.Bd4 g6 24.Ra1 Rfa8 25.Rxa3 Rxa3 26.g4 Ra2 27.f5 gxf5 28.gxf5 exf5 29.Rxf5 h6
30.Rf3 Rc2 31.Rg3+ Kf8 32.Rd3 Ke8 33.Be3 h5 34.Bd2 Kd7 35.Rxd5+  1/2-1/2

[Event "Capo d'Orso Open"]
[Site "Porto Mannu Palau ITA"]
[Date "2008.05.19"]
[Round "3"]
[White "Calandri,F"]
[Black "Brunello,S"]
[Result "0-1"]
[WhiteElo "2123"]
[BlackElo "2475"]

1.e4 c5 2.Nf3 e6 3.d4 cxd4 4.Nxd4 Nc6 5.Nc3 Qc7 6.Be2 a6 7.Be3 Nf6 8.O-O Be7
9.Qd2 O-O 10.f4 d6 11.Nb3 b5 12.Bf3 Bb7 13.a3 Rfe8 14.Rae1 Bf8 15.Qf2 Nd7
16.Ne2 b4 17.a4 Rac8 18.Rc1 Na5 19.Nxa5 Qxa5 20.b3 g6 21.g4 Bg7 22.Ng3 Rc3
23.Rcd1 Qc7 24.Rd2 Rc8 25.Bd1 Nc5 26.Bf3 e5 27.fxe5 Bxe5 28.Ne2 Nxe4 29.Bxe4 Bxe4
30.Nxc3 bxc3 31.Re2 Ba8 32.Qh4 Re8 33.Kf2 d5 34.Bf4 d4 35.Rxe5 Rxe5 36.Qf6 Re6
37.Bxc7 Rxf6+ 38.Ke2 Re6+ 39.Kd3 Be4+ 40.Kxd4 Bxc2 41.Rc1 Bxb3 42.Rxc3 Bxa4
43.Be5 f6 44.Bg3 Bc6 45.h3 a5 46.Bh4 a4 47.Kc5 Bg2 48.Kb5 g5 49.Bf2 Re4 50.Kc5 Re2
51.Bd4 Kf7 52.Kb4 Kg6 53.Rg3 Bc6 54.Rc3 Re4 55.Kc5 Bd7 56.Rf3 f5 57.gxf5+ Bxf5
58.Ra3 Bd7 59.Kd5 Rh4 60.Rf3 Bc6+  0-1

[Event "VI Regina Helena Prol"]
[Site "Santos BRA"]
[Date "2008.05.19"]
[Round "3"]
[White "Van Riemsdijk,H"]
[Black "Diamant,A"]
[Result "1-0"]
[WhiteElo "2396"]
[BlackElo "2407"]

1.e4 c5 2.Nf3 e6 3.d4 cxd4 4.Nxd4 Nc6 5.Nc3 a6 6.g3 d6 7.Bg2 Bd7 8.O-O Nf6
9.a4 Be7 10.b3 Rc8 11.Nce2 e5 12.Nxc6 bxc6 13.a5 d5 14.Bb2 Qc7 15.Qd3 O-O
16.Qxa6 Bc5 17.Nc3 Bd4 18.exd5 Ra8 19.Qc4 Rfc8 20.dxc6 Bxc6 21.Bxc6 Qxc6
22.Qxc6 Rxc6 23.Na4 Rxa5 24.c3 Ba7 25.c4 Rca6 26.Bc3 Bd4 27.Rad1  1-0

[Event "III President's Cup"]
[Site "Baku AZE"]
[Date "2008.05.20"]
[Round "9"]
[White "Huseyn,O"]
[Black "Kuparadze,G"]
[Result "0-1"]
[WhiteElo "2077"]
[BlackElo "2377"]

1.e4 c5 2.Nf3 e6 3.d4 cxd4 4.Nxd4 Nc6 5.Nc3 Qc7 6.g3 a6 7.Bg2 Nf6 8.O-O Be7
9.Be3 O-O 10.f4 d6 11.a4 Na5 12.Kh1 Nc4 13.Bc1 Bd7 14.g4 Rab8 15.g5 Ne8 16.Rf3 Qd8
17.b3 Na5 18.Rh3 g6 19.Qe1 Nc6 20.Qh4 h5 21.Nde2 Ng7 22.Bf3 f6 23.gxf6 Bxf6
24.Qf2 e5 25.f5 gxf5 26.exf5 Bxf5 27.Bd5+ Kh8 28.Rxh5+ Nxh5 29.Qxf5 Qe8 30.Ng3 Nxg3+
31.hxg3 Kg7 32.Bh6+ Kxh6 33.Kg2 Qg6 34.Rh1+ Kg7 35.Qd7+ Be7 36.Be4 Rbd8 37.Rh7+ Qxh7
38.Qg4+ Kh8 39.Bxh7 Kxh7 40.Qh5+ Kg7 41.Qg4+ Kh6 42.Nd5 Rf7 43.Qh3+ Kg7 44.Qg4+ Kh8
45.Qg6 Rg7 46.Qh6+ Rh7 47.Qe6 Nd4 48.Qg4 Rg8 49.Qe4 Bh4 50.g4 Rxg4+ 51.Qxg4 Rg7  0-1

[Event "III President's Cup"]
[Site "Baku AZE"]
[Date "2008.05.20"]
[Round "9"]
[White "Naiditsch,A"]
[Black "Rasulov,V"]
[Result "1-0"]
[WhiteElo "2624"]
[BlackElo "2387"]

1.e4 c5 2.Nf3 e6 3.d4 cxd4 4.Nxd4 Nc6 5.Nc3 Qc7 6.f4 a6 7.Be3 b5 8.Be2 Bb7
9.Bf3 Nge7 10.Nb3 Ng6 11.g3 Na5 12.Nxa5 Qxa5 13.e5 Qc7 14.Ne4 Rc8 15.Qd4 Bxe4
16.Bxe4 Bc5 17.Qxc5 Qxc5 18.Bxc5 Rxc5 19.O-O-O Ke7 20.Rd6 a5 21.Rhd1 Rd8
22.a3 f6 23.exf6+ gxf6 24.Ra6 a4 25.Rb6 e5 26.f5 Nf8 27.Rd5 Rdc8 28.Rxb5 Rc4
29.Bd3 Rg4 30.Rb4 Rxb4 31.axb4 Ra8 32.Ra5 Rxa5 33.bxa5 d5 34.a6 Nd7 35.a7 Nb6
36.Ba6 a3 37.bxa3  1-0

[Event "11th North American FIDE Inv"]
[Site "Chicago USA"]
[Date "2008.05.20"]
[Round "6"]
[White "Pasalic,M"]
[Black "Ginsburg,M"]
[Result "1/2-1/2"]
[WhiteElo "2392"]
[BlackElo "2365"]

1.e4 c5 2.Ne2 Nc6 3.d4 cxd4 4.Nxd4 e6 5.Nc3 d6 6.Be3 Nf6 7.Be2 Be7 8.Qd2 O-O
9.O-O-O a6 10.f4 Nxd4 11.Qxd4 Nd7 12.Kb1 b5 13.h4 Rb8 14.h5 b4 15.Na4 h6
16.Qd3 Qa5 17.b3 Bb7 18.e5 Nc5 19.Nxc5 dxc5 20.Bf3 Rfd8 21.Qe2 Qc7 22.g4 Bxf3
23.Qxf3 c4 24.Qe4 cxb3 25.axb3 Rxd1+ 26.Rxd1 Rd8 27.Rd4 Rxd4 28.Bxd4 Qc8
29.f5 Bf8 30.Bb2 Qc5 31.Bd4 Qc8 32.Bb2  1/2-1/2

[Event "VIII Mario Covas"]
[Site "Santos BRA"]
[Date "2008.05.20"]
[Round "4"]
[White "Mekhitarian,K"]
[Black "Milos,G"]
[Result "0-1"]
[WhiteElo "2466"]
[BlackElo "2594"]

1.e4 c5 2.Nf3 Nc6 3.d4 cxd4 4.Nxd4 e6 5.Nc3 d6 6.Be3 Nf6 7.f4 Be7 8.Qf3 e5
9.Nxc6 bxc6 10.Bc4 Ng4 11.Bd2 exf4 12.Bxf4 O-O 13.O-O-O Bg5 14.Kb1 Bxf4 15.Qxf4 Ne5
16.Bb3 Qe7 17.Rd2 Rd8 18.Nd1 a5 19.a4 Rb8 20.Ne3 Be6 21.Bxe6 fxe6 22.b3 c5
23.Qf1 Rb4 24.Qa6 Rxe4 25.Nd1 Rb4 26.Nc3 Nc4 27.Rd3 d5 28.Re1 Nb6 29.Rde3 Qf6
30.Qxa5 Rc8 31.Qa6 c4 32.Qa5 Qf8 33.Rf3 Qd6 34.Na2 cxb3 35.Nxb4 Nc4 36.Qa6 Nd2+
37.Kc1 Qxa6 38.Nxa6 Rxc2+ 39.Kd1 Nxf3 40.gxf3 Ra2 41.Rxe6 Ra1+ 42.Kd2 b2
43.Rb6 b1=Q 44.Rxb1 Rxb1 45.Kc3 Kf7 46.a5 Rb5 47.Kd4 Rxa5 48.Nc7 Ra2 49.Nxd5 Rxh2
50.Ke4 Ke6 51.Nf4+ Kf6 52.Ke3 Ra2 53.Ne2 Ke5 54.Ng3 g6 55.f4+ Kd5 56.Kf3 Ra3+
57.Kg4 h5+ 58.Kh4 Rxg3  0-1

[Event "VIII Mario Covas"]
[Site "Santos BRA"]
[Date "2008.05.20"]
[Round "4"]
[White "Zambrana,O"]
[Black "El Debs,F"]
[Result "1/2-1/2"]
[WhiteElo "2479"]
[BlackElo "2423"]

1.e4 c5 2.Nf3 e6 3.d4 cxd4 4.Nxd4 Nc6 5.Nc3 Qc7 6.Be3 Nf6 7.f4 Bb4 8.e5 Nd5
9.Nb5 Qa5 10.Bd2 Nxc3 11.bxc3 Bc5 12.Bd3 a6 13.Nd4 Qc7 14.Qg4 g6 15.Nb3 Be7  1/2-1/2

[Event "LXXII ch-CRC Fase 1"]
[Site "Moravia CRC"]
[Date "2008.05.21"]
[Round "5"]
[White "Vives,D"]
[Black "Rodriguez,Dav"]
[Result "1-0"]
[WhiteElo "2070"]
[BlackElo "1998"]

1.e4 c5 2.Nc3 Nc6 3.Nf3 e6 4.d4 cxd4 5.Nxd4 a6 6.g3 Qc7 7.Bg2 Nf6 8.Be3 Be7
9.O-O O-O 10.h3 d6 11.Nb3 b5 12.f4 Bb7 13.g4 Rfd8 14.g5 Nd7 15.h4 Nb6 16.a3 Nc4
17.Bc1 Qb6+ 18.Kh1 Ne3 19.Bxe3 Qxe3 20.Qf3 Qxf3 21.Bxf3 Rac8 22.Rf2 Rc7 23.Rd1 Rb8
24.Na2 Bc8 25.Nb4 g6 26.c3 Nd8 27.Rfd2 Rb6 28.Kg2 Nb7 29.Kg3 Nc5 30.Nxc5 dxc5
31.Nd3 Rd6 32.Ne5 Rxd2 33.Rxd2 c4 34.Ng4 Kf8 35.e5 Rd7 36.Rxd7 Bxd7 37.Kf2 Ke8
38.Ke3 Bc5+ 39.Kd2 Be7 40.Kc2 Kd8 41.Bb7 Kc7 42.Be4 Kb6 43.Nh2 Bc5 44.Ng4 Be7
45.Kd2 a5 46.Bf3 Kc5 47.Ne3 Kb6 48.a4 Bc5 49.axb5 Bxb5 50.Ng4 Be7 51.Nf2 Ba6
52.Be2 Bb5 53.Ne4 Bc6 54.Nf2 Bc5 55.Ng4 Bb5 56.Nf6 Bf2 57.h5 gxh5 58.Bxh5  1-0

[Event "VIII Mario Covas"]
[Site "Santos BRA"]
[Date "2008.05.22"]
[Round "6"]
[White "Coelho,L"]
[Black "El Debs,F"]
[Result "1/2-1/2"]
[WhiteElo "2392"]
[BlackElo "2423"]

1.e4 c5 2.Nf3 e6 3.d4 cxd4 4.Nxd4 Nc6 5.Nc3 a6 6.Nxc6 bxc6 7.Bd3 d5 8.O-O Qc7
9.Re1 Bb7 10.Qf3 Bd6 11.h3 Nf6 12.Bg5 Be5 13.Qe2  1/2-1/2

[Event "17th Open"]
[Site "Chicago USA"]
[Date "2008.05.23"]
[Round "1"]
[White "Bady,G"]
[Black "Zapata,Alo"]
[Result "1/2-1/2"]
[WhiteElo "2229"]
[BlackElo "2478"]

1.e4 c5 2.Nf3 e6 3.d4 cxd4 4.Nxd4 Nc6 5.Nc3 Qc7 6.Be2 a6 7.O-O Nf6 8.Nxc6 dxc6
9.Be3 e5 10.f3 Be6 11.Qe1 Be7 12.Qf2 b5 13.Rfd1 O-O 14.Bb6 Qb7 15.Bc5 Rfd8
16.a3 h6 17.Bxe7 Qxe7 18.Qb6 Rdb8 19.Qxc6 Qa7+ 20.Kh1 Ne8 21.Nd5 Rc8 22.Qb6 Rxc2
23.Bf1 Rxb2 24.Rac1 Ra2 25.Qa5 Bxd5 26.exd5 Qe7 27.d6 Nxd6 28.Qb4 Nf5 29.Qe4 Re8
30.Qxf5 g6 31.Qd7 Rxa3 32.Rc7 Qf8 33.Rd6 Kg7 34.h4 Ra1 35.Kg1 e4 36.fxe4 Rxe4
37.Rc8 Qe7 38.Qxe7 Rxe7 39.Kf2 Ra2+ 40.Kf3 Ra3+ 41.Rd3  1/2-1/2

[Event "VIII Mario Covas"]
[Site "Santos BRA"]
[Date "2008.05.23"]
[Round "7"]
[White "Flores Rios,M"]
[Black "Zambrana,O"]
[Result "1-0"]
[WhiteElo "2391"]
[BlackElo "2479"]

1.e4 c5 2.Nf3 e6 3.d4 cxd4 4.Nxd4 Nc6 5.Nc3 Qc7 6.Be3 a6 7.Qd2 Nf6 8.O-O-O Bb4
9.f3 Ne5 10.Nb3 b5 11.Qf2 Rb8 12.Bc5 Bxc5 13.Qxc5 Qxc5 14.Nxc5 Ke7 15.a4 d6
16.Nd3 Nc6 17.axb5 axb5 18.Na2 b4 19.b3 e5 20.Nb2 Be6 21.Bc4 Ra8 22.Kb1 Bxc4
23.Nxc4 Ra6 24.Nxd6 Rha8 25.Nc1 g6 26.Kb2 Nd4 27.Nc4 Ke6 28.Nxe5 Kxe5 29.Nd3+ Kd6
30.e5+ Ke6 31.Nxb4 Nxc2 32.Nxa6 Rxa6 33.exf6 Nb4 34.Rd4 Rb6 35.Rhd1 Na6 36.Re1+ Kf5
37.Kc3 Nc7 38.Rd7 Nb5+ 39.Kb2 Kxf6 40.Red1 Ke6 41.b4 Rc6 42.R7d3 Rb6 43.Kb3 Nc7
44.Rc1 Na6 45.Rc4 h5 46.Rdc3 Nb8 47.Ka4 Ra6+ 48.Kb5 Rd6 49.Rc6  1-0

[Event "VIII Mario Covas"]
[Site "Santos BRA"]
[Date "2008.05.23"]
[Round "7"]
[White "Mareco,S"]
[Black "Coelho,L"]
[Result "1-0"]
[WhiteElo "2470"]
[BlackElo "2392"]

1.e4 c5 2.Nf3 Nc6 3.Nc3 e6 4.d4 cxd4 5.Nxd4 d6 6.Be3 Nf6 7.Qd2 Be7 8.f3 O-O
9.O-O-O d5 10.exd5 Nxd5 11.Nxd5 Qxd5 12.Nxc6 Qxc6 13.Bd3 Qc7 14.f4 Rd8 15.Qf2 b6
16.g4 Bb7 17.Rhf1 Bd5 18.Kb1 Bc4 19.Qe2 Bxd3 20.Rxd3 Rxd3 21.Qxd3 Qc6 22.Qe2 Rd8
23.Bc1 h6 24.g5 hxg5 25.fxg5 Qd5 26.h4 Re8 27.Rd1 Qf5 28.Rf1 Qd5 29.Qg4 e5
30.h5 Qe6 31.Qxe6 fxe6 32.c3 Rd8 33.g6 e4 34.c4 Rd3 35.Rf7 Bf8 36.Rxa7 e3
37.Kc2 e2 38.Bd2 Rd4 39.Ra8 Rxc4+ 40.Kd3 Rh4 41.Kxe2 e5 42.a3 Rxh5 43.Bb4 Rf5
44.Ke3 Rf4 45.b3 Rf6 46.Ke4  1-0

[Event "17th Open"]
[Site "Chicago USA"]
[Date "2008.05.24"]
[Round "2"]
[White "Gulamali,K"]
[Black "Hernandez Guerrero,G"]
[Result "1/2-1/2"]
[WhiteElo "2343"]
[BlackElo "2554"]

1.e4 c5 2.Nf3 e6 3.d4 cxd4 4.Nxd4 Nc6 5.Nc3 a6 6.Be3 Nf6 7.Qd2 Bb4 8.f3 d5
9.a3 Ba5 10.Nb3 Bxc3 11.Qxc3 dxe4 12.fxe4 O-O 13.Bd3 Ng4 14.Bc5 Re8 15.Be2 Qh4+
16.g3 Qg5 17.Nd2 e5 18.h3 Nf6 19.h4 Qh6 20.Be3 Qg6 21.O-O-O Nxe4 22.Nxe4 Qxe4
23.Rhe1 Bg4 24.Bd3 Qa4 25.Rd2 Nd4 26.Rf2 Rac8 27.Qb4 Qxb4 28.axb4 Nf3 29.Ref1 e4
30.Be2 Ne5 31.Kb1 f5 32.h5 Bxe2 33.Rxe2 Nf3 34.Rg2 Kf7 35.g4 g6 36.Rh1 Rh8
37.b3 Rcd8 38.Bc1 Ne5 39.Bb2 Nxg4 40.Bxh8 Rxh8 41.Rd2 gxh5 42.Rd7+ Kg6 43.Rxb7 f4
44.b5 axb5 45.Rb6+ Nf6 46.Rg1+ Kf7 47.Rb7+ Ke6 48.Rb6+ Kf7 49.Rb7+ Ke6 50.Rb6+ Kf7
51.Rb7+  1/2-1/2

[Event "17th Open"]
[Site "Chicago USA"]
[Date "2008.05.24"]
[Round "3"]
[White "Gulamali,K"]
[Black "Zapata,Alo"]
[Result "0-1"]
[WhiteElo "2343"]
[BlackElo "2478"]

1.e4 c5 2.Nf3 e6 3.d4 cxd4 4.Nxd4 Nc6 5.Nc3 Qc7 6.Be3 Nf6 7.Qd2 a6 8.O-O-O Be7
9.f3 O-O 10.g4 b5 11.g5 Nh5 12.Nxc6 dxc6 13.Qf2 e5 14.h4 Be6 15.Bh3 Qc8 16.Qg2 Bxh3
17.Rxh3 g6 18.Qg4 Rd8 19.Rxd8+ Qxd8 20.Rh1 Qc7 21.Rd1 Rd8 22.Rxd8+ Qxd8 23.Nd1 h6
24.Nf2 hxg5 25.hxg5 c5 26.Qg1 c4 27.Ng4 Bxg5 28.Nxe5 Ng3 29.Kb1 Bxe3 30.Qxe3 Qd6
31.f4 Nxe4 32.a4 Qd1+ 33.Ka2 Qxc2 34.axb5 c3 35.Nd3 cxb2 36.Nxb2 Nc3+ 37.Ka3 Nxb5+
38.Ka2 Nc3+  0-1

[Event "Capo d'Orso Open"]
[Site "Porto Mannu Palau ITA"]
[Date "2008.05.24"]
[Round "9"]
[White "Haslinger,S"]
[Black "Brunello,S"]
[Result "1/2-1/2"]
[WhiteElo "2500"]
[BlackElo "2475"]

1.e4 c5 2.Nf3 e6 3.d4 cxd4 4.Nxd4 Nc6 5.Nc3 Qc7 6.Be3 a6 7.Qd2 Nf6 8.O-O-O Bb4
9.f3 b5 10.Bf4 Qb6 11.Nxc6 Qxc6 12.Bd6 Bxd6 13.Qxd6 Qxd6 14.Rxd6 Ke7 15.e5 Ne8
16.Rd4 d6 17.f4 Bb7 18.a4 dxe5 19.fxe5 Nc7 20.Be2 Bxg2 21.Rg1 Bc6 22.Rxg7 Rag8
23.Rgg4 f5 24.exf6+ Kxf6 25.axb5 axb5 26.Rdf4+ Ke5 27.Rxg8 Rxg8 28.Rh4 Rg1+
29.Kd2 Rg2 30.Rxh7 Nd5 31.Nxd5 Bxd5 32.Ke3 Bc4 33.Rh5+ Kd6 34.Bd3 Bxd3 35.Kxd3 e5
36.Rh8 e4+ 37.Kxe4 Rxc2 38.b3 Rb2 39.h4 Ke6 40.h5 Rxb3 41.h6 Kf6 42.Rg8  1/2-1/2

[Event "VIII Mario Covas"]
[Site "Santos BRA"]
[Date "2008.05.24"]
[Round "8"]
[White "Milos,G"]
[Black "El Debs,F"]
[Result "1/2-1/2"]
[WhiteElo "2594"]
[BlackElo "2423"]

1.e4 c5 2.Nf3 e6 3.d4 cxd4 4.Nxd4 Nc6 5.Nc3 Qc7 6.Be2 a6 7.O-O Nf6 8.Kh1 Nxd4
9.Qxd4 Bc5 10.Qd3 b5 11.f4 Bb7 12.Bf3 O-O 13.e5 Ne8 14.Bxb7 Qxb7 15.a4 b4
16.Ne4 Be7 17.Be3 Qc6 18.Bd4 Rc8 19.c3 bxc3 20.bxc3 Qc4 21.Qg3 f5 22.Nd2 Qd5
23.Qd3 Nc7 24.c4 Qc6 25.Rfb1 Rb8 26.a5 Bb4 27.Nf3 Na8 28.Bb6 Nxb6 29.Rxb4 Na8
30.Rxb8 Rxb8 31.Rd1 Rb7 32.Qa3 h6 33.Qe7 Qc8 34.c5 d5 35.Qd6 Rc7 36.Nd4 Rxc5
37.Nxe6 Rc1 38.Rg1 Rc6 39.Qd8+ Qxd8 40.Nxd8 Rc4 41.g3 Nc7 42.Nb7 Nb5 43.Re1  1/2-1/2

[Event "17th Open"]
[Site "Chicago USA"]
[Date "2008.05.25"]
[Round "5"]
[White "Kolev,At1"]
[Black "Zapata,Alo"]
[Result "1/2-1/2"]
[WhiteElo "2568"]
[BlackElo "2478"]

1.e4 c5 2.Nf3 e6 3.d4 cxd4 4.Nxd4 Nc6 5.Nc3 Qc7 6.Be2 Nf6 7.O-O a6 8.Be3 Bb4
9.Na4 Be7 10.Nxc6 bxc6 11.Nb6 Rb8 12.Nxc8 Qxc8 13.Bd4 c5 14.Be5 Rb6 15.Qd3 d6
16.Bc3 O-O 17.b3 d5 18.exd5 Nxd5 19.Be5 Bf6 20.Bxf6 Nxf6 21.Rad1 Qc7 22.Rd2 a5
23.Rfd1 h6 24.Bf3 a4 25.g3 Qa7 26.Qe3 Qa5 27.Qe5 Rbb8 28.Rd4 axb3 29.axb3 Qc3
30.R1d3 Qxc2 31.Bd1 Qc1 32.Rd6 c4 33.bxc4 Qxc4 34.Bf3 Rb1+ 35.Rd1 Rfb8 36.Kg2 Qc7  1/2-1/2

[Event "Guillermo Garcia Mem"]
[Site "Santa Clara CUB"]
[Date "2008.05.27"]
[Round "9"]
[White "Matsuura,E"]
[Black "Quezada Perez,Y"]
[Result "1/2-1/2"]
[WhiteElo "2500"]
[BlackElo "2567"]

1.e4 c5 2.Nf3 e6 3.d4 cxd4 4.Nxd4 Nc6 5.Nc3 Qc7 6.Be2 a6 7.O-O Nf6 8.Be3 Bb4
9.Na4 Be7 10.c4 Nxe4 11.c5 O-O 12.Rc1 Rd8 13.g3 g6 14.Bf3 Nf6 15.Nb6 Rb8
16.Bg5 d5 17.cxd6 Qxd6 18.Nxc6 bxc6 19.Qxd6 Rxd6 20.Nc4 Rd8 21.Ne5 Bb7 22.Bxc6 Nd5
23.Bxe7 Nxe7 24.Bxb7 Rxb7 25.Rfd1 Rxd1+ 26.Rxd1 Nd5 27.b3 Rc7 28.Nc4 g5 29.h3 Kf8
30.Rd2 Ke7 31.Kf1 f6 32.Ke2 h5 33.Ne3 Nc3+ 34.Kd3 Nb5 35.Nc4 Rc5 36.a4 Nc7
37.b4 Rd5+ 38.Kc3 h4 39.gxh4 gxh4 40.Ne3 Rxd2 41.Kxd2 Kd6 42.Kd3 Nd5 43.Nxd5 Kxd5
44.f4 e5 45.fxe5 fxe5 46.b5 axb5 47.axb5 Kc5 48.Ke4 Kxb5 49.Kxe5 Kc5  1/2-1/2

[Event "TCh-FRA Top 16 Poule Basse"]
[Site "Evry FRA"]
[Date "2008.05.29"]
[Round "8"]
[White "Asrian,K"]
[Black "Delchev,A"]
[Result "1/2-1/2"]
[WhiteElo "2630"]
[BlackElo "2639"]

1.e4 c5 2.Nf3 e6 3.Nc3 Nc6 4.d4 cxd4 5.Nxd4 Qc7 6.Be2 a6 7.O-O Nf6 8.Be3 Bb4
9.Na4 Be7 10.Nxc6 bxc6 11.Nb6 Rb8 12.Nxc8 Qxc8 13.Qd4 Qc7 14.e5 Nd5 15.b3 a5
16.g3 c5 17.Qb2 O-O 18.Bd2 a4 19.Bf3 Nb4 20.Rfd1 Rfd8 21.Be2  1/2-1/2

[Event "TCh-ISR"]
[Site "Israel ISR"]
[Date "2008.05.30"]
[Round "11"]
[White "Caspi,I"]
[Black "Soffer,R"]
[Result "0-1"]
[WhiteElo "2366"]
[BlackElo "2465"]

1.e4 c5 2.Nf3 e6 3.d4 cxd4 4.Nxd4 Nc6 5.Nc3 Qc7 6.Be3 a6 7.Qd2 Nf6 8.O-O-O Bb4
9.f3 Ne5 10.Nb3 b5 11.Kb1 Nc4 12.Bxc4 bxc4 13.Nd4 Rb8 14.Ka1 O-O 15.Nde2 d6
16.g4 Nd7 17.Bd4 Qa5 18.h4 e5 19.Be3 Nc5 20.Qc1 Be6 21.a3 Rfc8 22.Bxc5 Bxc5
23.Nd5 c3 24.Nexc3 Bxa3 25.Na2 Bxb2+ 26.Qxb2 Rxb2 27.Kxb2 Rb8+ 28.Ka1 Bxd5
29.exd5 h6 30.Rd3 Rb4 31.c3 Rb3 32.Rhd1 Qa3 33.R1d2 a5 34.h5 Kf8 35.Rc2 Rb8
36.Rdd2 Qc5 37.Nc1 Qa3+ 38.Na2 Ke7 39.Rf2 Qb3  0-1

[Event "TCh-FRA Top 16 Poule Haute"]
[Site "Evry FRA"]
[Date "2008.05.31"]
[Round "10"]
[White "Fressinet,L"]
[Black "Chuchelov,V"]
[Result "1-0"]
[WhiteElo "2656"]
[BlackElo "2554"]

1.e4 c5 2.Nc3 e6 3.Nf3 Nc6 4.d4 cxd4 5.Nxd4 Qc7 6.Be3 a6 7.f4 b5 8.Bd3 Nxd4
9.Bxd4 Qxf4 10.Rf1 Qd6 11.Qf3 f6 12.Qf2 Nh6 13.e5 fxe5 14.Be3 Bb7 15.Bxh6 gxh6
16.Qf6 Qe7 17.Qxh8 O-O-O 18.Qf6 Qc5 19.O-O-O Be7 20.Qf7 Bxg2 21.Rg1 Rf8 22.Qxh7 Bf3
23.Rdf1 Bg5+ 24.Kb1 d5 25.h4 Bd8 26.Qxh6 Rf6 27.Rg6  1-0

[Event "Mitropa Cup m"]
[Site "Olbia ITA"]
[Date "2008.05.31"]
[Round "6"]
[White "Schachinger,M"]
[Black "Pap,G"]
[Result "0-1"]
[WhiteElo "2308"]
[BlackElo "2451"]

1.e4 c5 2.Nf3 Nc6 3.d4 cxd4 4.Nxd4 e6 5.Nc3 Qc7 6.Nxc6 bxc6 7.Bd3 d5 8.O-O Nf6
9.exd5 cxd5 10.Re1 Be7 11.Bb5+ Bd7 12.Bxd7+ Qxd7 13.Be3 O-O 14.Bd4 Rfc8 15.Ne2 Rab8
16.Nf4 a5 17.Nd3 a4 18.a3 Ne4 19.Qe2 Rb5 20.Ne5 Qb7 21.c4 Rb3 22.cxd5 exd5
23.Nd3 Rc4 24.Bc3 h6 25.f3 Nxc3 26.Qxe7 Qxe7 27.Rxe7 Nb5 28.Re8+ Kh7 29.Ne5 Rc2
30.Nd7 h5 31.Re5 g6 32.Nf6+ Kh6 33.Nxd5 Rbxb2 34.Ne3 Re2 35.Kf1 Nd4 36.Re4 f5
37.Rxd4 Rxe3 38.Rb4 Rc2 39.Rxa4 Ree2 40.Rh4 Rf2+ 41.Kg1 Rxg2+ 42.Kh1 g5 43.Rc4 Rxh2+
44.Kg1 Rcg2+ 45.Kf1 h4 46.Rc6+ Kh5 47.Rc8 Rg3 48.Rac1 Rxf3+ 49.Kg1 Ra2 50.R1c4 f4  0-1

[Event "Open"]
[Site "Conegliano ITA"]
[Date "2008.06.01"]
[Round "3"]
[White "Fedorchuk,S"]
[Black "Kovalyov,A"]
[Result "0-1"]
[WhiteElo "2671"]
[BlackElo "2525"]

1.e4 c5 2.Nf3 e6 3.d4 cxd4 4.Nxd4 Nc6 5.Nc3 a6 6.Be3 Nf6 7.Nxc6 bxc6 8.e5 Nd5
9.Nxd5 cxd5 10.Bd3 d6 11.Bd4 Qg5 12.Qe2 dxe5 13.Bxe5 f6 14.Bg3 Bc5 15.Qf3 f5
16.Be5 O-O 17.O-O Bb7 18.Rfe1 Rf7 19.Qf4 Qe7 20.Re2 Qd7 21.Rae1 Re8 22.Bd4 Bb4
23.c3 Bd6 24.Qd2 a5 25.Qg5 Bc6 26.Re3 Ree7 27.Qh5 Bf4 28.R3e2 Bd6 29.g3 Qe8
30.f4 Bb5 31.Qf3 Bc6 32.Re3 Qc8 33.Qe2 Bd7 34.Bb5 Re8 35.Bxd7 Qxd7 36.Rxe6 Rfe7
37.Rxe7 Rxe7 38.Qd2 Re4 39.Rxe4 fxe4 40.Be3 Qc6 41.b3 h6 42.Bd4 Be7 43.c4 Bb4
44.Qe2 Bc5 45.Qe3 Bb4 46.cxd5 Qxd5 47.Kg2 Bd2  0-1

[Event "TCh-FRA Top 16 Poule Haute"]
[Site "Evry FRA"]
[Date "2008.06.01"]
[Round "11"]
[White "Meier,Geo"]
[Black "Postny,E"]
[Result "0-1"]
[WhiteElo "2560"]
[BlackElo "2649"]

1.e4 c5 2.Nf3 e6 3.d4 cxd4 4.Nxd4 Nc6 5.Nc3 a6 6.Nxc6 bxc6 7.Bd3 d5 8.O-O Nf6
9.Qe2 Be7 10.Na4 O-O 11.c4 Bb7 12.e5 Nd7 13.Rd1 Qb8 14.Bf4 a5 15.Rac1 Rc8
16.Rc3 g6 17.Bc2 Ba6 18.b3 Ra7 19.Rh3 Bf8 20.Be3 Rb7 21.f4 Rb4 22.Qf2 Be7
23.f5 exf5 24.Bxf5 Nxe5 25.Bf4 Re8 26.Bd7 Rd8 27.Bxc6 dxc4 28.Re1 Bf6 29.Nc5 Qb6
30.Nxa6 Qxa6 31.Be4 cxb3 32.Rxb3 Ng4  0-1

[Event "TCh-FRA Top 16 Poule Basse"]
[Site "Evry FRA"]
[Date "2008.06.01"]
[Round "11"]
[White "Kozakov,M"]
[Black "Schlosser,P"]
[Result "1/2-1/2"]
[WhiteElo "2449"]
[BlackElo "2563"]

1.e4 c5 2.Nf3 e6 3.d4 cxd4 4.Nxd4 Nc6 5.Nc3 Qc7 6.g3 a6 7.Bg2 Nf6 8.O-O Bc5
9.Nxc6 dxc6 10.Qe2 e5 11.Na4 Ba7 12.Be3 b5 13.Nc3 O-O 14.Rfd1 Bg4 15.f3 Be6
16.Qf2 Bxe3 17.Qxe3 Rfd8 18.a3 c5 19.h3 b4 20.Na4 Rd4 21.axb4 cxb4 22.c3 bxc3
23.bxc3 Rxd1+ 24.Rxd1 Nd7 25.Rb1 Qc6 26.Ra1 Rb8 27.Bf1 h6 28.Qd2 a5 29.Kh2 Bb3
30.Nb2 a4 31.Nd3 Qd6 32.Qe3 Rc8 33.Nb4 Qc5 34.Qxc5 Rxc5 35.Nd5 Kf8 36.Kg2 Ke8
37.c4 Kd8 38.Kf2 Kc8 39.Be2 Kb7 40.Nc3 Nb6 41.Nb5 Nxc4 42.Bxc4 Bxc4 43.Nc3 Be6
44.Nxa4 Rc2+ 45.Ke3 Bxh3 46.Rb1+ Kc6 47.Nb2 Be6 48.Nd3 Rg2 49.g4 f6 50.Ra1 Kd6
51.Ra7 Bd7 52.Ra6+ Ke7 53.Ra7 Rc2 54.Nb4 Rc3+ 55.Kf2 Kd6 56.Ra6+ Kc5 57.Ra7 Kd6
58.Ra6+ Kc5 59.Ra7 Bxg4 60.fxg4 Kxb4 61.Rxg7 Rc6 62.Rg6 Kc4 63.Ke3 Ra6 64.Rxh6 Kc5
65.Rg6 Rb6 66.Rh6 Kc4 67.Rg6 Ra6 68.Rh6 Ra3+ 69.Kf2 Ra2+ 70.Ke3 Ra3+  1/2-1/2

[Event "XXX Nezhmetdinov Mem"]
[Site "Kazan RUS"]
[Date "2008.06.01"]
[Round "1"]
[White "Sharafiev,A"]
[Black "Sakharov,L"]
[Result "1-0"]
[WhiteElo "2398"]
[BlackElo "2094"]

1.e4 c5 2.Nf3 e6 3.d4 cxd4 4.Nxd4 Nc6 5.Nc3 Qc7 6.f4 a6 7.Nxc6 Qxc6 8.Bd3 Nf6
9.Qe2 b5 10.Bd2 Bb7 11.a3 b4 12.axb4 Bxb4 13.e5 Nd5 14.Nxd5 Bxd2+ 15.Qxd2 Qxd5
16.O-O g5 17.Ra5 Qd4+ 18.Qf2 Qb4 19.Ra3 Qxf4 20.Qb6 Qxe5 21.Qxb7 Rb8 22.Qf3 O-O
23.Qh5 Qe3+ 24.Kh1 f5 25.Bxa6 Qd2 26.Rd3 Qxc2 27.Rxd7  1-0

[Event "Mitropa Cup m"]
[Site "Olbia ITA"]
[Date "2008.06.01"]
[Round "7"]
[White "Borisek,J"]
[Black "Zilka,S"]
[Result "1/2-1/2"]
[WhiteElo "2522"]
[BlackElo "2472"]

1.e4 c5 2.Nf3 e6 3.d4 cxd4 4.Nxd4 Nc6 5.Nc3 Qc7 6.Be3 a6 7.Qd2 Nf6 8.O-O-O Bb4
9.f3 Ne5 10.Nb3 b5 11.Kb1 Nc4 12.Bxc4 bxc4 13.Nc1 Rb8 14.N1e2 O-O 15.Bf4 e5
16.Bg5 Ba3 17.b3 Qc6 18.Bxf6 Qxf6 19.Ng3 d6 20.Nd5 Qd8 21.Nf5 Rb7 22.h4 a5
23.Rh3 Be6 24.Rg3 f6 25.f4 a4 26.Nfe7+ Rxe7 27.Nxe7+ Qxe7 28.b4 c3 29.Qxc3 exf4
30.Rgd3 d5 31.Qxa3 dxe4 32.Rd4 Bg4 33.Re1 f5 34.Qxa4 Qxh4 35.Qb3+ Kh8 36.Qc3 Qf6
37.b5 h5 38.Qc5 f3 39.gxf3 Bxf3 40.b6 f4 41.b7 Rb8 42.Rb4 Kh7 43.Qc7 Qf8
44.Rb5 e3 45.a4 Bd5 46.Qd7 Bc4 47.Rxh5+ Kg8 48.c3 Ba6 49.Kc2 Bxb7 50.Qe6+ Qf7
51.Qxf7+ Kxf7 52.Rf5+ Ke6 53.Rxf4 Ke5 54.Rb4 Be4+ 55.Kb3 Rxb4+ 56.cxb4 Kd4
57.b5 Kd3 58.Rd1+ Ke2 59.Rd4 Bf3 60.a5 Kf2 61.b6 e2 62.Rd2 Bb7 63.Kc4 Ba6+
64.Kc5 g5 65.Kc6 g4 66.b7 Bxb7+ 67.Kxb7 g3 68.a6 g2 69.Rxe2+ Kxe2 70.a7 g1=Q
71.a8=Q Qh1+ 72.Kb8 Qxa8+ 73.Kxa8  1/2-1/2

[Event "Open"]
[Site "Conegliano ITA"]
[Date "2008.06.02"]
[Round "6"]
[White "Genna,J"]
[Black "Bertaglia,L"]
[Result "1-0"]
[WhiteElo "2216"]
[BlackElo "2064"]

1.e4 c5 2.Nf3 e6 3.d4 cxd4 4.Nxd4 Nc6 5.Nc3 Qc7 6.Be3 a6 7.Be2 Nf6 8.O-O Bb4
9.Na4 Be7 10.Nxc6 bxc6 11.Nb6 Rb8 12.Nxc8 Qxc8 13.Bd4 O-O 14.Qd3 a5 15.e5 Nd5
16.c4 Nf4 17.Qe4 Nxe2+ 18.Qxe2 f5 19.Rad1 Rf7 20.Rd3 Qa6 21.Qc2 Rb4 22.b3 Bd8
23.Rfd1 Qc8 24.Qd2 Rb7 25.f4 g6 26.Bc5 Qc7 27.Kh1 Qc8 28.Bd4 c5 29.Bf2 Bb6
30.Rd6 Bd8 31.h3 h5 32.Qe3 Bb6 33.Bh4 Rh7 34.Bf6 Kf7 35.Qg3 h4 36.Bxh4 Bd8
37.Bxd8 Qxd8 38.Rxe6  1-0